El juego del poder [juego] /

Guardado en:
Formato: Objeto Físico
Publicado: Argentina : Barrilete, [199?]
Materias:
Etiquetas: Agregar Etiqueta
Sin Etiquetas, Sea el primero en etiquetar este registro!
LEADER 00734nrm a22001575g 4500
001 CEM.cems019439
008 130507b199?##################0###0#####d
005 20220830182450.0
245 0 0 |a El juego del poder [juego] /  |c Barrilete 
260 |a Argentina :  |b Barrilete,  |c [199?] 
300 |a 1 juego (1 tablero, 2 dados, 24 tarjetas escritura, 11 tarjetas suerte, 11 tarjetas destino, 25 tarjetas hipoteca, billetes) ; en caja 31 x 22 x 3 cm. + instrucciones. 
500 |a Para Para 2 a 4 jugadores para toda la familia objetivo: ir adquiriendo las propiedades y las provincias. 
082 0 4 |a J793.9 
653 |a 1. juegos de negocios y finanzas 
653 |a 2. juegos de manejo de dinero 
859 |a CEMS  |b BIB. CEMS - Ludoteca  |h J793.9  |i B276  |p 205.99  |t Ej.1